| 000 | 01497 a2200289 4500 | ||
|---|---|---|---|
| 003 | Nust | ||
| 005 | 20220728150919.0 | ||
| 010 | _a 2006018608 | ||
| 020 | _a0849374251 (alk. paper) | ||
| 020 | _a9780849374258 | ||
| 020 | _a9780849374258 (alk. paper) | ||
| 035 | _a(OCoLC)70054280 | ||
| 035 | _a(OCoLC)ocm70054280 | ||
| 040 | _cNust | ||
| 082 | 0 | 0 | _a510.2462,MAN |
| 100 | 1 |
_aManassah, Jamal T. _995662 |
|
| 245 | 1 | 0 |
_aElementary mathematical and computational tools for electrical and computer engineers using MATLAB / _cJamal T. Manassah. |
| 250 | _a2nd ed. | ||
| 260 |
_aBoca Raton, FL : _bCRC/Taylor & Francis, _cc2007. |
||
| 300 |
_a457 p. : _bill. ; _c25 cm. |
||
| 505 | _a.Introduction to MATLABĀ® and Its Graphics Capabilities (Page-1), Difference Equations (Page-59), Elementary Functions and Some of Their Uses (Page-89), Numerical Differentiation, Integration, and Solutions of Ordinary Differential (Page-115), Numerical Differentiation, Integration, and Solutions of Ordinary Differential (Page-159), Complex Numbers (Page-191), Vector (Page-235), Matrices (Page-273), Transformations (Page-343),The taste of probability theory (Page-365). | ||
| 650 | 0 |
_aComputer science _xMathematics. _917957 |
|
| 650 | 0 |
_aElectrical engineering _xMathematics. _955701 |
|
| 856 | 4 | 1 |
_3Publisher description _uhttp://www.loc.gov/catdir/enhancements/fy0661/2006018608-d.html |
| 856 | 4 | 1 |
_3Table of contents only _uhttp://www.loc.gov/catdir/toc/ecip0615/2006018608.html |
| 942 |
_cREF _2ddc |
||
| 999 |
_c175296 _d175296 |
||